Sử dụng word 2002 theo lệnh

Đã lưu trong:
書目詳細資料
主要作者: HOÀNG ĐẶNG
格式: 圖書
語言:Undetermined
出版: Trẻ 2002
標簽: 添加標簽
沒有標簽, 成為第一個標記此記錄!
Thư viện lưu trữ: Trung tâm Học liệu Trường Đại học Cần Thơ
LEADER 00392nam a2200145Ia 4500
001 CTU_49938
008 210402s9999 xx 000 0 und d
082 |a 005.3 
082 |b H407 
100 |a HOÀNG ĐẶNG 
245 0 |a Sử dụng word 2002 theo lệnh 
245 0 |c HOÀNG ĐẶNG 
260 |b Trẻ 
260 |c 2002 
980 |a Trung tâm Học liệu Trường Đại học Cần Thơ